Statistiques concernant Culture cinématographique - Série 06

Cliquez ici pour prendre le quiz!

Statistiques générales

  • Ce quiz a été pris 601 fois
  • Le résultat moyen est 6 sur 10

Statistiques - réponses

QuestionRéponse% Correct
Dans le film "Top Gun" réalisé par Tony Scott en 1986, qui incarnait le rôle de "Maverick" ?Tom Cruise
95%
Dans le film "Les aventuriers de l'arche perdue" réalisé par Steven Spielberg en 1981, qui incarnait le rôle de "Indiana Jones" ?Harrison Ford
89%
Dans le film "La ligne verte" réalisé par Frank Darabont en 1999, qui incarnait le rôle de " Paul Edgecomb, le gardien-chef" ?Tom Hanks
83%
Dans le film "Madame Doubtfire" réalisé par Chris Columbus en 1993, qui incarnait le rôle de "Madame Doubtfire" ?Robin Williams
71%
Dans le film "La fureur de vivre" réalisé par Nicholas Ray en 1955, qui incarnait le rôle de "Jim Stark" ?James Dean
58%
Dans le film "Conan le Barbare" réalisé par John Milius en 1982, qui incarnait le rôle de "Conan" ?Arnold Schwarzenegger
56%
Dans le film "Le dernier métro" réalisé par François Truffaut en 1980, qui incarnait le rôle de " Marion Steiner" ?Catherine Deneuve
49%
Dans le film "Le docteur Jivago" réalisé par David Lean en 1965, qui incarnait le rôle de " Youri Jivago" ?Omar Sharif
37%
Dans le film "Mélodie en sous-sol" réalisé par Henri Verneuil en 1973, qui incarnait le rôle de "Monsieur Charles" ?Jean Gabin
36%
Dans le film " I comme Icare" réalisé par Henri Verneuil en 1979, qui incarnait le rôle du "Procureur Henri Volney" ?Yves Montand
35%

Distribution des résultats

Percentile par nombre de réponses

% des personnes avec chaque résultat

Votre développement - résultats

Vous n’avez pas pris ce quiz